000 005230000a22001930004500
999 _c48988
_d48988
001 1834
003 CO-MdFUSB
005 20181019155443.0
008 181019b xxu||||| |||| 00| 0 eng d
020 _a0-394-83247-7
040 _cCO-MdBIC
082 0 4 _a813C D92l
100 1 _aDunn, Judy
245 1 0 _aThe little duck / Historia Judy Dunn ; fotografias Phoebe Dunn
260 _aNew York : Random House. INC.
300 _a(30 P.)
650 1 4 _aCuentos Clasicos \ Cuentos infantiles estadounidenses
942 _cLGB